[Event "BL Meisterschaftsturnier 2020"]
[Site "Karlsruhe"]
[Date "2020.09.19"]
[Round "6.5"]
[White "Van Wely, Loek"]
[Black "Schmidek, Emil"]
[Result "1-0"]
[WhiteElo "2615"]
[BlackElo "2395"]
[Annotator "TA"]
[PlyCount "241"]
[EventDate "2020.09.16"]
[EventType "team-tourn"]
[EventCountry "GER"]
[SourceTitle "playchess.com"]
[Source "ChessBase"]
[SourceQuality "1"]
[WhiteTeam "Solingen"]
[BlackTeam "SF Berlin"]

{[%evp 11,241,17,30,9,22,22,25,20,8,14,15,17,28,0,0,0,0,-8,24,17,31,21,33,-12,24,28,29,18,94,78,105,86,89,102,102,91,93,106,101,11,14,0,5,0,0,8,67,37,42,31,99,80,84,0,3,0,0,0,0,0,88,88,99,97,185,122,122,122,185,87,185,185,185,0,185,87,87,73,87,0,87,87,87,87,87,87,87,87,87,80,87,80,80,80,80,58,80,58,102,102,102,102,102,102,102,102,102,102,102,102,102,102,102,102,102,0,102,65,102,0,102,0,0,0,0,0,0,0,0,0,0,0,0,0,0,0,0,0,0,0,15,15,16,16,16,16,16,0,122,122,122,0,0,0,0,0,0,8,0,0,122,130,98,114,354,106,260,262,550,304,1181,349,376,373,604,97,118,97,375,97,97,0,371,110,110,118,120,120,125,0,0,0,80,0,87,80,81,0,0,0,0,0,0,0,0,0,0,0,0,0,6,0,118,118,133,125,125,126,153,156,164,126,29971,29975,29972,0,29985,29986,29994,29995,29998,29999]} 1. Nf3 Nf6 2. c4 e6 3. g3 d5 4. Bg2 d4 5. O-O c5 6. d3 Nc6 7. e3 {A09: Réti Opening: 1 Nf3 d5 2 c4.} Bd6 8. exd4 cxd4 9. Bg5 {White has an edge.} h6 10. Bxf6 Qxf6 11. Nbd2 {[%cal Bb1d2,Bd2e4,Be4d6][%mdl 32]} Qe7 12. Re1 O-O 13. a3 a5 $1 14. Rc1 $1 {[%mdl 4] is now more promising than 14.Nb3. Played by Fabiano Caruana in May 2020.} a4 15. Ne4 Bc7 16. c5 e5 17. Nfd2 Bd7 18. Nc4 Na5 19. Ned6 {[#]} Nb3 $146 (19... Nxc4 $11 {keeps the balance.} 20. Nxc4 Rab8) ({Predecessor:} 19... Nxc4 20. Nxc4 Bc6 21. Bxc6 bxc6 22. f4 Qxc5 23. Nxe5 Qb5 24. Nc4 Qd5 25. Re7 Qd8 {1-0 (47) Bocharov,D (2562)-Gaifullin,A (2454) Kazan 2018}) 20. Rxe5 $16 Qf6 21. Rc2 $1 (21. Bxb7 $6 Bxd6 22. cxd6 Rab8 $11) 21... Bxd6 22. cxd6 b5 23. Re7 bxc4 24. Rxd7 Rac8 25. Bb7 (25. dxc4 $6 d3 $11) (25. Rc7 $16 c3 26. Rxc8 Rxc8 27. d7) 25... Rc5 $1 $11 26. dxc4 (26. Rxc4 Rxc4 27. dxc4 Nc5 $17) 26... Qe6 {[%mdl 64] Double Attack} 27. Re7 Qxd6 28. Re4 Re5 ({Black should play} 28... f5 $11 29. Re1 d3) 29. Rxe5 $14 Qxe5 30. Re2 Qh5 (30... Qf6 $14) 31. Kg2 d3 {[%mdl 64] Decoy} 32. Qxd3 ({Better is} 32. Rd2 $1 $16 Qxd1 33. Rxd1) 32... Nc1 $132 {[%mdl 2048] Black is not keeping still} 33. Bf3 Qg5 $1 34. Qc2 Nxe2 35. Qxe2 {[%mdl 4096] Endgame KQR-KQB} Qf6 (35... Rb8 $11) 36. c5 $1 $16 Rc8 37. c6 g6 (37... Rb8 $16) 38. Qb5 (38. Qa6 $18 Rc7 39. Qxa4 Qxb2 40. Qf4) 38... Kg7 39. h4 h5 (39... Rc7 $16 40. Qxa4 Qxb2) 40. Qb7 (40. Qxa4 $18 Qxb2 41. Qa7) 40... Qd8 (40... Qe6 $16) 41. Qa7 $18 Qf6 42. Qb7 Qd8 43. Kg1 (43. Qb4 $1 $18) 43... Rc7 $16 44. Qb6 Rc8 45. Qb7 Rc7 46. Qb4 Qf6 47. Kg2 Rxc6 48. Bxc6 Qxc6+ {KQ-KQ} 49. Kf1 Kh7 50. Ke2 Qc2+ 51. Ke3 Qd1 52. Qd2 Qb3+ 53. Kd4 Kg8 54. Kc5 Qb7 55. Qd8+ Kh7 56. Qb6 Qf3 57. Kb4 Qe4+ 58. Ka5 Qa8+ 59. Kb5 Qe4 60. Qf6 Kg8 61. Kb6 Qd5 62. Qc3 Kh7 63. Qc5 (63. Ka6 $16) 63... Qe4 (63... Qd2 $11) 64. Ka5 Kg8 65. Kb5 (65. Qc8+ $16 Kg7 66. Qc3+ Kh7 67. Qe3 Qa8+ 68. Kb5) 65... Qb7+ (65... Qe2+ $11 66. Kxa4 Qxb2) 66. Kxa4 (66. Qb6 $16 Qd7+ 67. Qc6) 66... Qxb2 $11 67. Ka5 Qd2+ 68. Ka6 Qd3+ 69. Kb6 Qb3+ 70. Ka5 Qd3 71. a4 Qd2+ 72. Ka6 Qd3+ 73. Qb5 Qd6+ 74. Kb7 Qe7+ 75. Ka8 Kh7 76. a5 Qd8+ 77. Kb7 Qe7+ 78. Kc8 Qe6+ $1 79. Kd8 Qf6+ (79... Qd6+ $1 $11 80. Ke8 Kg7 81. Qb2+ Kg8) 80. Ke8 $1 $16 Kg7 81. Qb6 ({White should try} 81. Qc5 $16 {aiming for Qf8+.} Qe6+ 82. Kd8) 81... Qe5+ $11 82. Kd8 Qd5+ 83. Kc8 Qf5+ $1 84. Kb8 Qe5+ 85. Qc7 Qf6 (85... Qb2+ $11 86. Ka8 Qxf2) 86. f4 $16 Qb2+ 87. Kc8 Qa3 88. Qe5+ $2 (88. Qb6 $1 $18 {is the precise move to win.}) 88... Kh7 $2 (88... Kg8 $16 89. f5 Qf3) 89. f5 Qd3 $2 (89... gxf5 90. Qxf5+ {[%mdl 64] Double Attack} Kg8 91. Qg5+ Kf8 92. Qxh5 Qc3+ 93. Kb7 Qb2+ 94. Kc6 Qf6+ 95. Kd5 Qe6+ 96. Kd4 Qd6+ 97. Kc4 Qd7 98. Qc5+ Kg8) 90. fxg6+ Qxg6 $2 (90... fxg6 91. Qe7+ Kh6) 91. Kb7 $2 (91. Kd7 f6 92. Qe7+ Kh6 93. a6 Qd3+ 94. Qd6 Qf5+ 95. Ke7) 91... Qb1+ 92. Kc6 Qc2+ $2 (92... Qd3 93. Qxh5+ {[%mdl 64] Double Attack} Kg7 94. Qe5+ Kg8 95. Qg5+ Kh7) 93. Qc5 $2 (93. Kd7 $18 {has better winning chances.}) 93... Qe4+ 94. Kc7 Qg6 $2 {[%mdl 8192]} (94... Qe2 $16 95. Kb7 Qf3+ 96. Kb6 Qb3+ 97. Ka7 Qd1) 95. Kc8 $2 (95. Kd8 $18 {and White stays clearly on top.}) 95... Qe6+ 96. Kc7 $2 {[%mdl 8192]} (96. Kd8 $16 Kg7 97. Qg5+ (97. Qxh5 Qd6+ 98. Kc8 Qc6+ 99. Kb8 Qd6+ 100. Kb7 Qd7+ 101. Kb6 Qd6+ 102. Kb5 Qd3+ 103. Kc5 Qe3+ 104. Kc4 Qe4+ 105. Kc3 Qe3+ 106. Kc2 Qf2+ 107. Kd3 Qxg3+ 108. Kc4 Qf4+ 109. Kd5 Qa4 $18) 97... Kf8 98. Qb5 (98. Qxh5 Qd6+ 99. Kc8 Qc6+ 100. Kb8 Qd6+ 101. Kb7 Qd7+ 102. Kb6 Qd8+ 103. Kc6 Qe8+ 104. Kc5 Qe3+ 105. Kc4 Qe4+ 106. Kc3 Qe1+ 107. Kc2 Qf2+ 108. Kd3 Qxg3+ 109. Kc4 Qf4+ 110. Kd5 Qf1 $18)) 96... Qg6 $18 97. Kb7 $2 (97. Kd8 $18 {is more deadly.}) 97... Qe4+ $16 98. Ka7 Kg7 99. a6 (99. Qxh5 Qe7+ 100. Kb6 Qd6+ 101. Kb5 Qd3+ 102. Kc5 Qe3+ 103. Kc4 Qe4+ 104. Kc3 Qe1+ 105. Kd4 Qd2+ 106. Ke4 Qe1+ 107. Kd3 Qxg3+ 108. Kc4 Qf4+ 109. Kd5 Qa4 $18) 99... Qe6 100. Kb7 ({White must play} 100. Qg5+ $1 $16 Kf8 101. Qc5+ (101. Qxh5 Qd7+ 102. Kb8 Qd6+ 103. Kb7 Qd7+ 104. Kb6 Qd6+ 105. Kb5 Qd7+ 106. Kc5 Qa7+ 107. Kb5 Qd7+ 108. Kc5 Qe7+ 109. Kd5 Qe6+ 110. Kc5 Qe3+ 111. Kc4 Qe6+ 112. Kd4 Qxa6 $16) 101... Kg7 102. Qg5+ (102. Qxh5 Qd7+ 103. Kb8 Qd8+ 104. Kb7 Qd7+ 105. Kb6 Qd6+ 106. Kb7 Qd7+ 107. Kb6 Qd6+ 108. Kb7 Qd7+ $16) 102... Kf8 103. Qd8+ (103. Qxh5 Qe3+ 104. Kb7 Qe4+ 105. Kc7 Qc4+ 106. Kb6 Qe6+ 107. Kc5 Qe3+ 108. Kc4 Qe6+ 109. Kc3 Qxa6 $16) 103... Kg7 104. Qd4+ Kg8 105. Kb7 Qb3+ 106. Kc6 Qe6+ 107. Qd6 Qe4+ 108. Kc7 Qc4+ 109. Kd8) 100... Qd7+ $11 101. Kb6 Qd8+ (101... Qe6+ $11 {remains equal.} 102. Kb7 Qd7+ 103. Qc7 Qd5+ 104. Qc6 Qb3+ 105. Qb6 Qf3+ 106. Kc8 Qc3+ 107. Kb7 Qf3+ 108. Ka7 Qc3) 102. Kb5 {Strongly threatening Qg5+.} Qd3+ $1 {[#]} 103. Qc4 $1 {[%cal Rc4d3]} Qd7+ 104. Qc6 (104. Kb4 $16 Qd6+ 105. Ka5) 104... Qd3+ 105. Kb6 {Hoping for a7.} Qd4+ 106. Kb7 Qb4+ 107. Ka7 Qe7+ 108. Kb8 {And now Qc3+ would win.} Qd8+ 109. Kb7 Qe7+ 110. Kc8 Qe3 111. Qd6 {Qc6 is the strong threat.} Qa7 (111... Qe4 $11) 112. Qe5+ $16 Kg8 113. Qb5 {Threatens to win with Qb7.} ({But not} 113. Qxh5 $6 Qxa6+ 114. Kc7 Qa7+ 115. Kc6 Qa6+ 116. Kc7 Qc4+ 117. Kb6 Qb3+ 118. Kc6 Qxg3 $11) 113... Kg7 114. Qb2+ Kh7 115. Qb7 Qc5+ 116. Kd7 {Black must now prevent Ke8.} Qd4+ $2 {[%mdl 8192] [#]} (116... Kg7 $16 117. Qc6 Qe3) 117. Ke8 $1 Kh6 118. a7 $2 (118. Qe7 {mates} Kg7 119. Qxf7+ Kh8 120. Qxh5+ Kg7 121. Qg5+ Kh8 122. Qh6+ Kg8 123. Qe6+ Kh8 124. Qh6+ Kg8 125. Qg5+ Kh8 126. Qh6+) 118... Qe5+ $2 {[%mdl 8192]} (118... Qh8+ $11 119. Kd7 Qd4+ 120. Kc8 Qh8+ 121. Kd7 Qd4+ 122. Ke7 Qe5+ 123. Kf8 Qg7+ 124. Ke8 Qh8+ 125. Kd7) 119. Qe7 {White mates.} Qb5+ 120. Kf8 Qa6 121. Qg5+ {Accuracy: White = 70%, Black = 66%.} 1-0

[Event "BL Meisterschaftsturnier 2020"]
[Site "Karlsruhe"]
[Date "2020.09.19"]
[Round "6.6"]
[White "Keymer, Vincent"]
[Black "Amin, Bassem"]
[Result "1/2-1/2"]
[WhiteElo "2568"]
[BlackElo "2686"]
[Annotator "TA"]
[PlyCount "169"]
[EventDate "2020.09.16"]
[EventType "team-tourn"]
[EventCountry "GER"]
[SourceTitle "playchess.com"]
[Source "ChessBase"]
[SourceQuality "1"]
[WhiteTeam "Deizisau"]
[BlackTeam "Viernheim"]

{[%evp 10,169,21,24,31,15,28,25,14,15,24,26,64,57,72,56,113,127,100,91,108,110,139,139,139,139,135,136,164,164,164,164,164,164,164,124,155,137,153,163,181,181,181,166,181,181,177,170,175,169,189,177,179,175,178,150,187,174,192,146,150,153,180,164,167,159,136,136,136,0,145,136,165,136,170,172,176,157,185,160,175,175,184,149,172,45,170,177,184,183,184,180,195,195,195,179,183,133,178,172,179,180,184,184,195,195,197,166,200,168,195,179,191,169,173,134,187,183,181,134,134,134,134,134,141,84,125,125,125,116,116,0,0,0,0,0,0,0,72,73,73,66,66,73,59,18,18,18,18,18,18,18,18,18,18,18,32,32,32,32,32,0]} 1. d4 Nf6 2. c4 e6 3. Nf3 Bb4+ 4. Nbd2 O-O 5. a3 Be7 6. e4 d6 {E11: Bogo-Indian.} 7. Be2 $1 {The main line 7.Be2 scores better than 7.Bd3.} Nfd7 8. b4 {[%cal Bb2b4,Bb4b5][%mdl 32]} e5 {White has an edge.} 9. d5 a5 10. Bb2 c5 11. b5 $36 {[%mdl 2048] White is pushing.} Nb6 {[#]} 12. Qc2 $146 ({Predecessor:} 12. Bd3 f5 13. exf5 Bxf5 14. Bxf5 Rxf5 15. Qc2 Qf8 16. O-O N8d7 17. Rae1 Qf7 18. Ne4 Rf8 19. Qd3 Qg6 20. Kh1 Rh5 21. Qe2 Qg4 22. Nfd2 Qxe2 23. Rxe2 Rhf5 {½-½ (23) Vrolijk,L (2462)-Tomashevsky,E (2712) Germany 2020}) 12... g6 ({Black should play} 12... f5 $14) 13. O-O-O $16 N8d7 14. Ne1 Bg5 15. g3 Nf6 16. h4 $1 {[%cal Rh4g5]} Bh6 17. h5 $1 g5 ({Much weaker is} 17... Nxh5 18. Bxh5 gxh5 19. Rxh5 $14) 18. Kb1 Ng4 19. Bxg4 Bxg4 20. f3 Bd7 21. Nd3 Qe7 22. Bc1 f5 {[#]} 23. exf5 $1 Bxf5 {[#] next ...g4 is good for Black.} 24. g4 $1 {[%cal Rg4f5]} Bxd3 25. Qxd3 Rf7 26. Ne4 Raf8 27. Rhf1 Nd7 28. Bd2 b6 29. Rde1 {[%cal Bd1e1,Be1e2,Be2g2][%mdl 32]} Rg7 30. Kc2 Rgf7 31. Re2 Kh8 32. Ng3 Qd8 33. Nf5 Rf6 34. Rg2 Rg8 35. Rgf2 Qf8 36. Ng3 Rf7 37. Rg2 Qd8 38. Ne4 Nf6 39. Ng3 Nd7 $1 40. Bc3 Qf8 41. Nf5 Rf6 42. Rfg1 Qf7 43. Kb3 Qf8 44. Rf1 Qf7 45. Ng3 Qe7 46. Rfg1 Qf8 47. Qe2 (47. Nf5 $18) 47... Rg7 (47... Rxf3 $14 48. Nf5 Rxf5 49. gxf5 Nf6) 48. Rf1 $18 Rgf7 {[%cal Rf6f3]} 49. Rgf2 ({But not} 49. Nf5 $6 Bg7 $16) 49... Rg7 50. Kb2 Rf4 51. Bd2 Rf6 52. Rg1 Rg8 53. Bc3 Rg7 54. Ne4 Rf4 55. Ka2 Rgf7 {[%cal Rf4f3]} 56. Rgf1 Rg7 57. Bb2 Rff7 58. Ng3 Rf6 59. Rg2 Rg8 60. Ne4 Rf4 61. Rgf2 Rf7 62. Rg1 Rf4 (62... Nf6 $16) 63. Bc1 Rf7 64. Bd2 Nf6 65. Rff1 Nxe4 66. fxe4 ({Don't play} 66. Qxe4 $6 Qe7 $11) 66... Rgg7 67. Qe1 ({White should try} 67. Kb3) 67... Kg8 68. Rf5 Rxf5 69. gxf5 Qd8 70. f6 (70. Qe2 $16) 70... Qxf6 $11 71. Rf1 Qe7 72. Rf5 Rf7 73. Qf1 Kg7 (73... a4 $11 {remains equal.}) 74. Kb3 $16 Rxf5 75. Qxf5 Qf7 76. Qxf7+ $1 Kxf7 $14 {[%mdl 4096] Endgame KB-KB} 77. Kc2 {Black must now prevent Bxa5!} a4 $1 78. Kd3 Ke8 79. Ke2 Bf8 80. Bxg5 Be7 81. Bd2 Bh4 82. Kf3 Ke7 83. Kg4 {White is slightly better.} Bf6 84. Kf5 {Ba5! is the strong threat.} Kf7 85. Bg5 {White really could win this. Accuracy: White = 76%, Black = 74%.} 1/2-1/2

[Event "BL Meisterschaftsturnier 2020"]
[Site "Karlsruhe"]
[Date "2020.09.19"]
[Round "6.7"]
[White "Kovalenko, Igor"]
[Black "Lagarde, Maxime"]
[Result "1-0"]
[WhiteElo "2645"]
[BlackElo "2657"]
[Annotator "TA"]
[PlyCount "89"]
[EventDate "2020.09.16"]
[EventType "team-tourn"]
[EventCountry "GER"]
[SourceTitle "playchess.com"]
[Source "ChessBase"]
[SourceQuality "1"]
[WhiteTeam "Viernheim"]
[BlackTeam "Deizisau"]

{[%evp 14,89,36,41,40,31,35,18,12,23,24,7,18,4,38,20,5,15,52,47,51,48,45,36,50,50,75,64,76,81,84,80,82,68,89,99,121,112,167,168,167,168,180,164,177,172,224,221,289,289,288,272,412,395,413,409,377,232,234,238,231,231,497,497,497,497,497,497,495,495,475,452,833,827,809,791,745,710]} 1. d4 Nf6 2. c4 c5 3. Nf3 cxd4 4. Nxd4 e5 5. Nb5 d5 6. cxd5 Bc5 7. N5c3 O-O 8. g3 Qb6 {A31: Symmetrical English: 2 Nf3 Nf6 3 d4.} 9. e3 Bf5 10. Bg2 Nbd7 {The position is equal.} 11. O-O e4 12. Nd2 {[%cal Rd2e4]} Rfe8 $1 13. Qa4 {[%cal Rd2e4]} Qb4 {[#]} 14. Qxb4 $146 (14. a3 $5 {[%cal Ra3b4]} Qxa4 15. Nxa4 $11) ({Predecessor:} 14. Qc2 Rac8 15. Nb3 Bb6 16. Qd1 Ne5 17. h3 h6 18. g4 Bg6 19. a3 Qd6 20. Nd4 {1-0 (33) Francsics,E (2540)-Feher,G (2230) Budapest 1996}) 14... Bxb4 15. Nb5 Rec8 16. a3 Bf8 17. Nc3 $36 {[%cal Rd2e4][%mdl 2048] White has some pressure.} Re8 18. h3 h6 19. b4 Nb6 20. Bb2 Nbxd5 {White now steadily converts the win.} 21. Nxd5 Nxd5 22. g4 Bg6 23. Nc4 {[%cal Bd2c4,Bc4a5,Ba5c6,Bc6e5][%mdl 32]} Rac8 24. Rac1 Nb6 25. Na5 Na4 {[#]} (25... f5 $16) 26. Bd4 $1 $18 b6 27. Nc6 a5 28. Rfd1 (28. bxa5 $6 bxa5 29. Rc4 (29. Nxa5 Nc5 $16) 29... Nc5 $14) 28... axb4 29. axb4 Nc5 {[#]} (29... f6 {was worth a try.} 30. Bf1 Nc5) 30. Ne5 $1 ({Don't do} 30. bxc5 $6 bxc5 31. Ne5 (31. Bxc5 Rxc6 32. Bxf8 Rxc1 $14) (31. Na7 Rc7 $14) 31... cxd4 $16) (30. Bxc5 Rxc6 31. Bxf8 Rxc1 $14) 30... Nb3 31. Rxc8 Rxc8 32. Bxb6 Bh7 (32... Bxb4 {might work better.} 33. Rb1 Rc3 34. Nxg6 fxg6 35. Bxe4 Kh7) 33. b5 f6 34. Nc6 Bg6 35. Rd8 Rxd8 36. Nxd8 Bd6 37. Ba7 Bc5 $2 (37... Kf8 {is a better defense.} 38. Bf1 Ke7) 38. Bxc5 {White is clearly winning.} Nxc5 {[%mdl 4096] Endgame KBN-KBN} 39. b6 {[%cal Bb5b6,Bb6b7][%mdl 32]} Nd7 40. b7 Nb8 41. Kh2 Kf8 {Threatens to win with ...Ke7.} 42. Ne6+ Ke7 (42... Kf7 $142) 43. Nxg7 Kd6 44. h4 Ke5 45. Kg3 {Accuracy: White = 92%, Black = 68%.} 1-0

[Event "BL Meisterschaftsturnier 2020"]
[Site "Karlsruhe"]
[Date "2020.09.19"]
[Round "6.7"]
[White "Naumann, Alexander"]
[Black "Florstedt, Johannes"]
[Result "1-0"]
[WhiteElo "2539"]
[BlackElo "2353"]
[Annotator "ChessBase"]
[PlyCount "92"]
[EventDate "2020.09.16"]
[EventType "team-tourn"]
[EventCountry "GER"]
[SourceTitle "playchess.com"]
[Source "ChessBase"]
[SourceQuality "1"]
[WhiteTeam "Solingen"]
[BlackTeam "SF Berlin"]
[TimeControl "40/5400+30:1800+30"]

1. e4 {[%emt 0:00:55]} c5 {[%emt 0:00:00]} 2. Nf3 {[%emt 0:00:06]} d6 {[%emt 0:00:00]} 3. d4 {[%emt 0:00:04]} cxd4 {[%emt 0:00:00]} 4. Nxd4 {[%emt 0:00:07]} Nf6 {[%emt 0:00:00]} 5. Nc3 {[%emt 0:00:09]} a6 {[%emt 0:00:00]} 6. Be3 {[%emt 0:00:08]} e5 {[%emt 0:00:03]} 7. Nb3 {[%emt 0:00:06]} Be6 {[%emt 0:00:12]} 8. f3 {[%emt 0:00:06]} h5 {[%emt 0:00:08]} 9. Nd5 {[%emt 0:00:44]} Bxd5 {[%emt 0:00:09]} 10. exd5 {[%emt 0:00:06]} Nbd7 {[%emt 0:00:09]} 11. Qd2 {[%emt 0:00:39]} g6 {[%emt 0:00:19]} 12. O-O-O {[%emt 0:01:58]} Nb6 {[%emt 0:00:54]} 13. Kb1 {[%emt 0:00:18]} Nbxd5 {[%emt 0:01:47]} 14. Bg5 {[%emt 0:00:17]} Be7 {[%emt 0:00:51]} 15. g3 {[%emt 0:01:03]} Nb6 {[%emt 0:07:43]} 16. Bxf6 {[%emt 0:07:56]} Bxf6 {[%emt 0:00:05]} 17. Qxd6 {[%emt 0:00:12]} Qxd6 {[%emt 0:00:30]} 18. Rxd6 {[%emt 0:00:04]} Bd8 {[%emt 0:00:26]} 19. Bg2 {[%emt 0:20:50]} Bc7 {[%emt 0:00:19]} 20. Rd3 {[%emt 0:03:37]} h4 {[%emt 0:13:03]} 21. Nc5 {[%emt 0:15:50]} hxg3 {[%emt 0:09:12]} 22. hxg3 {[%emt 0:00:19]} Rxh1+ {[%emt 0:00:08]} 23. Bxh1 {[%emt 0:00:04]} Ke7 {[%emt 0:00:45]} 24. f4 {[%emt 0:08:28]} exf4 {[%emt 0:01:46]} 25. gxf4 {[%emt 0:00:22]} Bxf4 {[%emt 0:01:48]} 26. Bxb7 {[%emt 0:00:30]} Ra7 {[%emt 0:01:21]} 27. Bxa6 {[%emt 0:05:43]} f5 {[%emt 0:05:00]} 28. b4 {[%emt 0:08:52]} Bd6 {[%emt 0:07:53]} 29. Re3+ {[%emt 0:02:35]} Kf7 {[%emt 0:00:50]} 30. Bb5 {[%emt 0:02:18]} g5 {[%emt 0:05:06]} 31. Bd3 {[%emt 0:09:41]} f4 {[%emt 0:00:44]} 32. Rh3 {[%emt 0:00:07]} Re7 {[%emt 0:12:49]} 33. Ne4 {[%emt 0:01:04]} Bxb4 {[%emt 0:00:32]} 34. Nxg5+ {[%emt 0:00:28]} Kf6 {[%emt 0:03:37]} 35. Ne4+ {[%emt 0:01:31]} Ke5 {[%emt 0:00:38]} 36. c3 {[%emt 0:01:24]} Bxc3 {[%emt 0:03:33]} 37. Nxc3 {[%emt 0:00:17]} Rg7 {[%emt 0:00:34]} 38. Ne2 {[%emt 0:04:54]} Nd5 {[%emt 0:00:11]} 39. Rh5+ {[%emt 0:00:17]} Kd6 {[%emt 0:00:05]} 40. Be4 {[%emt 0:04:40]} Nf6 {[%emt 0:00:07]} 41. Rh6 {[%emt 0:30:21]} Ke5 {[%emt 0:30:06]} 42. Bf3 {[%emt 0:00:26]} Ne4 {[%emt 0:02:51]} 43. Bxe4 {[%emt 0:00:00]} Kxe4 {[%emt 0:00:00]} 44. Rh4 {[%emt 0:00:00]} Kf3 {[%emt 0:00:00]} 45. Nd4+ {[%emt 0:00:00]} Ke4 {[%emt 0:00:00]} 46. Rxf4+ {[%emt 0:00:00]} Kd5 1-0

[Event "BL Meisterschaftsturnier 2020"]
[Site "Karlsruhe"]
[Date "2020.09.19"]
[Round "6.8"]
[White "Kollars, Dmitrij"]
[Black "Fedorchuk, Sergey A."]
[Result "1/2-1/2"]
[WhiteElo "2585"]
[BlackElo "2615"]
[Annotator "RC"]
[PlyCount "72"]
[EventDate "2020.09.16"]
[EventType "team-tourn"]
[EventCountry "GER"]
[SourceTitle "playchess.com"]
[Source "ChessBase"]
[SourceQuality "1"]
[WhiteTeam "Deizisau"]
[BlackTeam "Viernheim"]
[TimeControl "40/5400+30:1800+30"]

1. e4 {[%emt 0:01:51]} c5 {[%emt 0:00:46]} 2. Nf3 {[%emt 0:00:05]} e6 {[%emt 0:02:52]} 3. d4 {[%emt 0:00:08]} cxd4 {[%emt 0:00:08]} 4. Nxd4 {[%emt 0:00:05]} Nc6 {[%emt 0:00:50]} 5. Nc3 {[%emt 0:00:13]} a6 {[%emt 0:05:54]} 6. Nxc6 {[%emt 0:00:00]} bxc6 {[%emt 0:00:07]} 7. Bd3 {[%emt 0:00:33]} d5 {[%emt 0:00:39]} 8. O-O {[%emt 0:00:24]} Nf6 {[%emt 0:00:50]} 9. Re1 {[%emt 0:00:57]} Be7 {[%emt 0:02:18]} 10. e5 {[%emt 0:00:34]} Nd7 {[%emt 0:01:13]} 11. Qg4 {[%emt 0:00:06]} Kf8 {[%emt 0:02:36]} 12. Bd2 {[%emt 0:06:14]} Qc7 {[%emt 0:11:55]} 13. Qg3 {[%emt 0:14:24]} c5 {[%emt 0:10:09]} 14. Na4 {[%emt 0:09:34]} c4 {[%emt 0:11:35]} 15. Bf1 {[%emt 0:00:21]} h5 {[%emt 0:06:32]} 16. Bc3 {[%emt 0:16:09]} h4 {[%emt 0:05:33]} 17. Qe3 {[%emt 0:01:13]} Rh5 {[%emt 0:14:41]} 18. Bd4 {[%emt 0:01:30]} Rb8 {[%emt 0:01:50]} 19. b3 {[%emt 0:05:04]} Rf5 {[%emt 0:02:49]} 20. g3 {[%emt 0:03:23]} hxg3 {[%emt 0:00:17]} 21. hxg3 {[%emt 0:00:06]} Rh5 {[%emt 0:00:18]} 22. f4 {[%emt 0:03:31]} Bb7 {[%emt 0:02:34]} 23. Be2 {[%emt 0:03:35]} Rh8 {[%emt 0:01:13]} 24. Kg2 {[%emt 0:03:54]} g6 {[%emt 0:01:11]} 25. Rh1 {[%emt 0:01:25]} Kg7 {[%emt 0:00:07]} 26. g4 {[%emt 0:03:01]} Rbg8 {[%emt 0:04:44]} 27. Bf3 {[%emt 0:05:04]} cxb3 {[%emt 0:01:43]} 28. cxb3 {[%emt 0:00:34]} Qc2+ {[%emt 0:00:20]} 29. Qf2 {[%emt 0:02:14]} Rc8 {[%emt 0:02:13]} 30. Rxh8 {[%emt 0:02:23]} Kxh8 {[%emt 0:00:05]} 31. Rf1 {[%emt 0:01:12]} Kg8 {[%emt 0:01:50]} 32. Qxc2 {[%emt 0:00:59]} Rxc2+ {[%emt 0:00:06]} 33. Rf2 {[%emt 0:00:03]} Rc1 {[%emt 0:01:04]} 34. Rf1 {[%emt 0:02:17]} Rc2+ {[%emt 0:00:22]} 35. Rf2 {[%emt 0:00:06]} Rc1 {[%emt 0:00:19]} 36. Rf1 {[%emt 0:00:22]} Rc2+ {[%emt 0:00:06]} 1/2-1/2

[Event "BL Meisterschaftsturnier 2020"]
[Site "Karlsruhe"]
[Date "2020.09.19"]
[Round "6.8"]
[White "Rudolf, Henrik"]
[Black "Wegerle, Joerg"]
[Result "0-1"]
[WhiteElo "2295"]
[BlackElo "2401"]
[Annotator "NA"]
[PlyCount "62"]
[EventDate "2020.09.16"]
[EventType "team-tourn"]
[EventCountry "GER"]
[SourceTitle "playchess.com"]
[Source "ChessBase"]
[SourceQuality "1"]
[WhiteTeam "SF Berlin"]
[BlackTeam "Solingen"]
[TimeControl "40/5400+30:1800+30"]

1. e4 {[%emt 0:00:00]} c5 {[%emt 0:00:53]} 2. Nf3 {[%emt 0:00:00]} Nc6 {[%emt 0:00:07]} 3. d4 {[%emt 0:00:19]} cxd4 {[%emt 0:00:39]} 4. Nxd4 {[%emt 0:00:04]} e5 {[%emt 0:00:36]} 5. Nb5 {[%emt 0:00:22]} a6 {[%emt 0:03:05]} 6. Nd6+ {[%emt 0:01:27]} Bxd6 {[%emt 0:00:39]} 7. Qxd6 {[%emt 0:00:09]} Qe7 {[%emt 0:00:10]} 8. Qd1 {[%emt 0:16:42]} Nf6 {[%emt 0:01:18]} 9. Nc3 {[%emt 0:00:52]} d6 {[%emt 0:00:53]} 10. Be3 {[%emt 0:13:10]} O-O {[%emt 0:05:20]} 11. Be2 {[%emt 0:05:56]} h6 {[%emt 0:12:32]} 12. Qd2 $14 {[%emt 0:15:08]} b5 {[%emt 0:17:11]} 13. f3 {[%emt 0:10:42]} Be6 {[%emt 0:17:06]} 14. Nd5 {[%emt 0:05:05]} Bxd5 {[%emt 0:04:13]} 15. exd5 {[%emt 0:00:06]} Nd4 {[%emt 0:01:01]} 16. Rd1 {[%emt 0:14:22]} Nxd5 {[%emt 0:07:51]} 17. Bxd4 {[%emt 0:01:18]} exd4 {[%emt 0:00:18]} 18. Qxd4 {[%emt 0:00:21]} Ne3 {[%emt 0:00:38]} 19. Kf2 {[%emt 0:05:09]} Nxd1+ {[%emt 0:06:08]} 20. Rxd1 {[%emt 0:00:02]} Qe5 {[%emt 0:03:58]} 21. f4 {[%emt 0:02:03]} Qc5 {[%emt 0:01:51]} 22. Qxc5 {[%emt 0:02:41]} dxc5 {[%emt 0:00:22]} 23. Rd5 {[%emt 0:01:28]} c4 {[%emt 0:01:45]} 24. b3 {[%emt 0:00:12]} cxb3 {[%emt 0:01:05]} 25. axb3 {[%emt 0:04:10]} Rfd8 {[%emt 0:00:32]} 26. Re5 {[%emt 0:00:35]} Re8 {[%emt 0:04:26]} 27. Rf5 {[%emt 0:00:22]} g6 {[%emt 0:01:11]} 28. Rf6 {[%emt 0:00:17]} Kg7 {[%emt 0:00:42]} 29. Rb6 {[%emt 0:00:07]} Reb8 {[%emt 0:00:21]} 30. Rd6 {[%emt 0:00:28]} Rd8 {[%emt 0:00:27]} 31. Rb6 {[%emt 0:00:07]} Rd2 {[%emt 0:00:24]} 0-1